Statistics for Geography Series #15

Click here to take the quiz!

General Stats

  • This quiz has been taken 16 times
  • The average score is 19 of 20

Answer Stats

Central America and the Caribbean Countries% Correct
Costa Rica
100%
Cuba
100%
Jamaica
100%
Saint Kitts and Nevis
100%
Antigua and Barbuda
94%
Bahamas
94%
Barbados
94%
Belize
94%
Dominica
94%
El Salvador
94%
Haiti
94%
Honduras
94%
Nicaragua
94%
Panama
94%
St Lucia
94%
Trinidad and Tobago
94%
Dominican Republic
88%
Grenada
88%
Guatemala
88%
Saint Vincent and the Grenadines
88%

Score Distribution

Percentile by Number Answered

Percent of People with Each Score

Your Score History

You have not taken this quiz